Инженерная психология: учебное пособие

Bibliografske podrobnosti
Korporativna značnica: Национальный исследовательский Томский политехнический университет (ТПУ) Институт социально-гуманитарных технологий (ИСГТ) Кафедра социологии, психологии и права (СОЦ)
Drugi avtorji: Коваленко А. В. Антонина Владимировна (составитель), Шиканов Л. А. Леонид Александрович
Izvleček:Заглавие с титульного экрана
Электронная версия печатной публикации
В пособии рассмотрены актуальные проблемы профессиональной деятельности современного инженера в сложных социотехнических системах, воздействие профессии на личностные структуры человека, формирование профессиональных деформаций личности, Предназначено для студентов и слушателей всех направлений подготовки и форм обучения.
Режим доступа: из корпоративной сети ТПУ
Jezik:ruščina
Izdano: Томск, Изд-во ТПУ, 2014
Teme:
Online dostop:http://www.lib.tpu.ru/fulltext2/m/2014/m454.pdf
Format: Elektronski Knjiga
KOHA link:https://koha.lib.tpu.ru/cgi-bin/koha/opac-detail.pl?biblionumber=278632

MARC

LEADER 00000nlm0a2200000 4500
001 278632
005 20231101235131.0
035 |a (RuTPU)RU\TPU\book\301909 
035 |a RU\TPU\book\301898 
090 |a 278632 
100 |a 20141212d2014 m y0rusy50 ca 
101 0 |a rus 
102 |a RU 
105 |a a j 001zy 
135 |a drgn ---uucaa 
181 0 |a i  
182 0 |a b 
200 1 |a Инженерная психология  |b Электронный ресурс  |e учебное пособие  |f Национальный исследовательский Томский политехнический университет (ТПУ), Институт социально-гуманитарных технологий (ИСГТ), Кафедра социологии, психологии и права (СОЦ) ; сост. А. В. Коваленко, Л. А. Шиканов 
203 |a Текст  |c электронный 
210 |a Томск  |c Изд-во ТПУ  |d 2014 
230 |a 1 компьютерный файл (pdf; 836 KB) 
300 |a Заглавие с титульного экрана 
300 |a Электронная версия печатной публикации 
330 |a В пособии рассмотрены актуальные проблемы профессиональной деятельности современного инженера в сложных социотехнических системах, воздействие профессии на личностные структуры человека, формирование профессиональных деформаций личности, Предназначено для студентов и слушателей всех направлений подготовки и форм обучения. 
333 |a Режим доступа: из корпоративной сети ТПУ 
337 |a Adobe Reader 
606 1 |a Инженерная психология  |2 stltpush  |3 (RuTPU)RU\TPU\subj\12577  |9 39340 
610 1 |a электронный ресурс 
610 1 |a учебные пособия 
610 1 |a труды учёных ТПУ 
610 1 |a инженерная психология 
610 1 |a актуальные проблемы 
610 1 |a профессиональная деятельность 
610 1 |a инженеры 
610 1 |a профессии 
610 1 |a профессиональные деформации 
610 1 |a инженерная деятельность 
610 1 |a социотехнические системы 
610 1 |a ошибки 
610 1 |a личностные качества 
610 1 |a компетентность 
686 |a Ю941.1я73  |2 rubbk 
702 1 |a Коваленко  |b А. В.  |c специалист в области психологии и педагогики  |c доцент Томского политехнического университета, кандидат философских наук  |f 1947-  |g Антонина Владимировна  |2 stltpush  |3 (RuTPU)RU\TPU\pers\27024  |4 220 
702 1 |a Шиканов  |b Л. А.  |c историк, социолог  |c доцент Томского политехнического университета  |f 1951-  |g Леонид Александрович  |2 stltpush  |3 (RuTPU)RU\TPU\pers\28333  |4 220 
712 0 2 |a Национальный исследовательский Томский политехнический университет (ТПУ)  |b Институт социально-гуманитарных технологий (ИСГТ)  |b Кафедра социологии, психологии и права (СОЦ)  |h 41  |2 stltpush  |3 (RuTPU)RU\TPU\col\18373 
801 1 |a RU  |b 63413507  |c 20130422 
801 2 |a RU  |b 63413507  |c 20150508  |g RCR 
856 4 |u http://www.lib.tpu.ru/fulltext2/m/2014/m454.pdf 
942 |c CF